[Event "Niedersachsen-ch op A"]
[Site "Verden"]
[Date "2019.01.03"]
[Round "1"]
[White "Baumann, Marcel"]
[Black "Herrmann, Andreas"]
[Result "0-1"]
[WhiteElo "1831"]
[BlackElo "2088"]
[PlyCount "96"]
[EventDate "2019.01.03"]
[EventType "swiss"]
[EventRounds "7"]
[EventCountry "GER"]
[SourceTitle "EXT 2022"]
[Source "ChessBase"]
[SourceDate "2021.10.06"]
[SourceVersion "1"]
[SourceVersionDate "2021.10.06"]
[SourceQuality "1"]

1. d4 Nf6 2. c4 e6 3. Nf3 Bb4+ 4. Bd2 Bxd2+ 5. Qxd2 b6 6. e3 Bb7 7. Be2 0-0 8. 0-0 d6 9. Nc3 Nbd7 10. Rfd1 Re8 11. Qc2 e5 12. d5 a5 13. a3 Nf8 14. Rac1 Bc8 15. b4 Ng6 16. e4 Nf4 17. Bf1 Bg4 18. c5 axb4 19. axb4 bxc5 20. bxc5 Nd7 21. Na4 Nh3+ 22. Kh1 Rxa4 23. Qxa4 Nxf2+ 24. Kg1 Nxd1 25. cxd6 cxd6 26. Qxd1 Qb6+ 27. Kh1 Nc5 28. Qc2 h6 29. Rb1 Qa5 30. Nd2 Rc8 31. Nc4 Qd8 32. Rb6 Qf6 33. Kg1 Rd8 34. Rc6 Nb7 35. Qb2 Qe7 36. Qb6 Bc8 37. Rc7 Qg5 38. Qc6 Na5 39. Nxa5 Qe3+ 40. Kh1 Bg4 41. Qc4 Ra8 42. Nb3 Ra2 43. Qb5 Rf2 44. Qd3 Qxe4 45. Rb7 Bf5 46. Qd1 Qxd5 47. Rb8+ Kh7 48. Qc1 Bh3 0-1

[Event "Niedersachsen-ch op A"]
[Site "Verden"]
[Date "2018.01.04"]
[Round "2"]
[White "Baumann, Marcel"]
[Black "Schoenfeld, Dietmar"]
[Result "1/2-1/2"]
[WhiteElo "1785"]
[BlackElo "1856"]
[PlyCount "79"]
[EventDate "2018.01.04"]
[EventType "swiss"]
[EventRounds "7"]
[EventCountry "GER"]
[SourceTitle "EXT 2022"]
[Source "ChessBase"]
[SourceDate "2021.10.06"]
[SourceVersion "1"]
[SourceVersionDate "2021.10.06"]
[SourceQuality "1"]

1. d4 Nf6 2. c4 g6 3. Nc3 Bg7 4. e4 d6 5. h3 0-0 6. Nge2 e5 7. d5 a5 8. Be3 Nbd7 9. g4 Nc5 10. Ng3 Ne8 11. Qc2 b6 12. 0-0-0 Bd7 13. f3 Rc8 14. h4 c6 15. dxc6 Bxc6 16. g5 Qc7 17. h5 Bh8 18. Qh2 Qb7 19. Bh3 Bd7 20. Nd5 Bxh3 21. Qxh3 Rc6 22. Bxc5 dxc5 23. hxg6 fxg6 24. Nf6+ Bxf6 25. Rd7 Bxg5+ 26. Kc2 Rf7 27. Rxb7 Rxb7 28. Rd1 Rf7 29. Rd7 Rcf6 30. Rxf7 Kxf7 31. Qxh7+ Ng7 32. Qh1 Ne6 33. Ne2 Be3 34. Qh3 Kg7 35. Qg3 Bd4 36. b3 g5 37. Kd3 Kg6 38. a4 Bb2 39. Kc2 Bd4 40. Kd3 1/2-1/2

[Event "GER-ch U25-A"]
[Site "Willingen"]
[Date "2017.06.08"]
[Round "7"]
[White "Kornitzky, Tino"]
[Black "Baumann, Marcel"]
[Result "1-0"]
[WhiteElo "1973"]
[BlackElo "1719"]
[PlyCount "57"]
[EventDate "2017.06.04"]
[EventType "swiss"]
[EventRounds "9"]
[EventCountry "GER"]
[SourceTitle "CBM 178 Extra"]
[Source "ChessBase"]
[SourceDate "2017.06.22"]
[SourceVersion "1"]
[SourceVersionDate "2017.06.22"]
[SourceQuality "1"]

1. d4 Nf6 2. c4 g6 3. Nc3 Bg7 4. e4 d6 5. Nf3 0-0 6. Be2 e5 7. d5 a5 8. Bg5 h6 9. Bh4 Na6 10. Nd2 g5 11. Bg3 Nc5 12. 0-0 Nfd7 13. Qc2 f5 14. exf5 Nf6 15. b3 e4 16. f3 Bxf5 17. fxe4 Bxe4 18. Ndxe4 Nfxe4 19. Nxe4 Bd4+ 20. Kh1 Bxa1 21. Rxa1 Nxe4 22. Qxe4 Qf6 23. Qe6+ Qxe6 24. dxe6 Rf6 25. c5 d5 26. Bf3 c6 27. e7 Kf7 28. Bd6 Kg6 29. Bg4 1-0

[Event "Vellmar op 8th"]
[Site "Vellmar"]
[Date "2016.07.31"]
[Round "6"]
[White "Knoth, Eugen"]
[Black "Baumann, Marcel"]
[Result "1/2-1/2"]
[WhiteElo "1980"]
[BlackElo "1831"]
[PlyCount "57"]
[EventDate "2016.07.28"]
[EventType "swiss"]
[EventRounds "7"]
[EventCountry "GER"]
[SourceTitle "CBM 173 Extra"]
[Source "ChessBase"]
[SourceDate "2016.08.29"]
[SourceVersion "1"]
[SourceVersionDate "2016.08.29"]
[SourceQuality "1"]

1. d4 Nf6 2. Nf3 d5 3. Bf4 e6 4. e3 Bd6 5. Bg3 0-0 6. Nbd2 b6 7. Ne5 Bb7 8. Bd3 Nbd7 9. c3 Qe7 10. Qf3 c5 11. 0-0 Rac8 12. Rfe1 Bb8 13. Rad1 Nxe5 14. Bxe5 Bxe5 15. dxe5 Nd7 16. Qh3 h6 17. Nf3 c4 18. Bb1 Nc5 19. Nd4 a6 20. f4 Rc7 21. Rf1 b5 22. a3 Bc6 23. Rf3 Bd7 24. g4 Ne4 25. Bxe4 dxe4 26. Rg3 f6 27. exf6 Qxf6 28. g5 hxg5 29. Ne2 1/2-1/2

[Event "Vellmar op 8th"]
[Site "Vellmar"]
[Date "2016.07.30"]
[Round "4"]
[White "Mao, Yvonne"]
[Black "Baumann, Marcel"]
[Result "0-1"]
[WhiteElo "1733"]
[BlackElo "1831"]
[PlyCount "66"]
[EventDate "2016.07.28"]
[EventType "swiss"]
[EventRounds "7"]
[EventCountry "GER"]
[SourceTitle "CBM 173 Extra"]
[Source "ChessBase"]
[SourceDate "2016.08.29"]
[SourceVersion "1"]
[SourceVersionDate "2016.08.29"]
[SourceQuality "1"]

1. e4 d5 2. exd5 Qxd5 3. Nc3 Qd6 4. d3 Nf6 5. Nge2 a6 6. Be3 e5 7. Qd2 Nc6 8. g3 Be7 9. Bg2 Bf5 10. 0-0 0-0 11. f4 Qd7 12. fxe5 Nxe5 13. Nf4 c6 14. Na4 Rad8 15. Bb6 Nc4 16. Qc3 Nxb6 17. Nxb6 Qc7 18. Nfd5 Nxd5 19. Nxd5 Rxd5 20. Bxd5 Qb6+ 21. Kh1 Bd7 22. Bg2 Bb4 23. Qe5 Re8 24. Qf4 f6 25. c3 Bf8 26. Qf2 Qb5 27. Be4 Bh3 28. Rfe1 f5 29. Bg2 Rxe1+ 30. Rxe1 Bxg2+ 31. Kxg2 Qxd3 32. Qe2 Qd5+ 33. Kf1 Qh1+ 0-1

[Event "Niedersachsen-ch U16"]
[Site "Norderney"]
[Date "2014.04.17"]
[Round "8"]
[White "Baumann, Marcel"]
[Black "Boehm, Jana"]
[Result "0-1"]
[WhiteElo "1735"]
[BlackElo "1749"]
[PlyCount "32"]
[EventDate "2014.04.??"]
[EventType "swiss"]
[EventRounds "9"]
[EventCountry "GER"]
[SourceTitle "EXT 2017"]
[Source "ChessBase"]
[SourceDate "2016.10.25"]
[SourceVersion "1"]
[SourceVersionDate "2016.10.25"]
[SourceQuality "1"]

1. d4 Nf6 2. c4 g6 3. Nc3 Bg7 4. e4 d6 5. Bd3 Nc6 6. d5 Ne5 7. f4 Nxd3+ 8. Qxd3 c6 9. Nf3 Bg4 10. 0-0 Qb6+ 11. Kh1 Nd7 12. b3 Nc5 13. Qc2 Nxe4 14. Qxe4 Bxc3 15. Be3 Qc7 16. Rac1 Bf5 0-1